[Event "Floripa Chess Open 2024"]
[Site "Florianopolis"]
[Date "2024.01.22"]
[Round "4.140"]
[White "De Oliveira, Luiz Carlos"]
[Black "Rodrigues, Natanael Isau"]
[Result "0-1"]
[WhiteElo "1422"]
[BlackElo "1704"]
[PlyCount "66"]
[EventDate "2024.01.20"]
[EventRounds "10"]
[EventCountry "BRA"]

1. e4 g6 2. d4 d6 3. Nf3 a6 4. h3 $146 ({RR} 4. Bd3 Bg7 5. c3 Nd7 6. O-O b5 7.
a3 Bb7 8. Nbd2 c5 9. d5 c4 10. Bc2 Nh6 11. h3 O-O 12. Re1 f5 13. Ng5 Nc5 14.
exf5 Nxf5 15. Nde4 Nxe4 16. Bxe4 Bc8 17. Bf3 h6 18. Ne6 Bxe6 {Escobar Figueroa,
S (1781)-Pellicer Roncero,N (1665) Llinars del Valles 2009 1-0 (33)}) ({RR} 4.
c4 Bg7 5. Nc3 Bg4 6. Be2 Nc6 7. Be3 e5 8. d5 Nce7 9. c5 Bxf3 10. Bxf3 Bh6 11.
Bxh6 Nxh6 12. Qd2 Nhg8 13. b4 h5 14. O-O Kf8 15. a4 Kg7 16. a5 f5 17. exf5 Nxf5
18. Be4 Nd4 {Giri,A (2764)-Sadhwani,R (2620) chess.com INT 2022 1-0}) ({RR} 4.
Bc4 e6 5. O-O Bg7 6. Re1 Nf6 7. Bd3 O-O 8. c3 c5 9. Nbd2 cxd4 10. cxd4 Nc6 11.
h3 b6 12. Nf1 Bb7 13. Ng3 h6 14. Be3 Rc8 15. Qd2 Kh7 16. b4 a5 17. a3 Qd7 18.
Rac1 axb4 {Elgersma,O (2296)-Sokolovsky,Y (2431) chess.com INT 2023 0-1 (40)})
({RR} 4. a4 Bg7 5. Be3 b6 6. Qd2 Nd7 7. Nc3 Bb7 8. Bc4 e6 9. d5 e5 10. g4 Ngf6
11. h3 Nc5 12. Bxc5 dxc5 13. Nxe5 Nxe4 14. Nxe4 Bxe5 15. O-O-O O-O 16. f4 Bg7
17. c3 Qd7 {1/2-1/2 (17) Eybl,A (2273)-Webersberger,J (2236) Austria 2007})
4... b5 5. Be2 Nd7 6. O-O Nb6 7. b3 Bb7 8. Nbd2 Bg7 9. Rb1 Nf6 10. d5 c5 11. c4
b4 12. Bb2 O-O 13. Re1 a5 14. e5 dxe5 15. Nxe5 a4 16. Bf3 axb3 17. axb3 Ra2 18.
Re2 Re8 19. Bc1 Qa8 20. Nc6 Kf8 21. Ne4 Rxe2 22. Qxe2 Nfxd5 23. cxd5 Nxd5 24.
Qc4 Bxc6 25. Bd2 Nb6 26. Qc2 Rc8 27. Nxc5 Bxf3 28. gxf3 Qxf3 29. Bxb4 Bd4 30.
Kf1 Qxh3+ 31. Ke1 Qh1+ 32. Ke2 Qh5+ 33. Kf1 Bxc5 0-1

[Event "Floripa Chess Open 2024"]
[Site "Florianopolis"]
[Date "2024.01.22"]
[Round "4.141"]
[White "Nascimento, Bianca Alencar De S"]
[Black "Do Prado, Hamilton Mesquita"]
[Result "0-1"]
[WhiteElo "1389"]
[BlackElo "1673"]
[PlyCount "56"]
[EventDate "2024.01.20"]
[EventRounds "10"]
[EventCountry "BRA"]

1. e4 d6 2. d4 Nf6 3. Nc3 Nbd7 4. Bc4 c6 5. Nf3 ({RR} 5. a4 d5 6. exd5 Nb6 7.
Bb3 Nbxd5 8. Nf3 Bg4 9. h3 Bxf3 10. Qxf3 e6 11. O-O Be7 12. Nd1 b5 13. Ne3 O-O
14. c3 a5 15. Rd1 Qd7 16. Bc2 Rfc8 17. Ng4 Qe8 18. Ne5 Nb6 19. axb5 cxb5 {
Winants,L (2516)-Beeckmans,F (2297) Belgium 2009 1-0 (43)}) 5... h6 6. O-O Qc7
$146 ({RR} 6... e5 7. Re1 Be7 8. b3 O-O 9. Bb2 Nh7 10. dxe5 dxe5 11. Qe2 Qc7
12. Rad1 b5 13. Bd3 Nc5 14. Nb1 Bd6 15. Qd2 Rd8 16. Qe3 Bg4 17. Rd2 Ne6 18.
Red1 Bc5 19. Bxe5 Qxe5 20. Nxe5 Bxe3 21. Nxg4 {Alrahily,S (1772)-Rouda Essa,A 
(1762) Riyadh KSA 2023 0-1 (54)}) 7. Re1 e5 8. a4 a5 9. Qd3 Be7 10. Ne2 Nf8 11.
Ng3 g5 12. Qc3 N8d7 13. Qb3 Rh7 14. h3 Nb6 15. Bd3 Be6 16. c4 Bf8 17. Be3 Nc8
18. Qc3 d5 19. dxe5 Bb4 20. Qc1 Nxe4 21. Re2 Nxg3 22. fxg3 Bf8 23. Nd4 Ne7 24.
Nxe6 fxe6 25. cxd5 exd5 26. g4 Bg7 27. Bc5 O-O-O 28. Bxe7 Qxe7 0-1

[Event "Floripa Chess Open 2024"]
[Site "Florianopolis"]
[Date "2024.01.22"]
[Round "4.142"]
[White "Calcada, Henrique Galvan"]
[Black "Spieker, Otavio Schmidt"]
[Result "1-0"]
[WhiteElo "1672"]
[BlackElo "1432"]
[PlyCount "80"]
[EventDate "2024.01.20"]
[EventRounds "10"]
[EventCountry "BRA"]

1. Nf3 Nf6 2. c4 d5 3. cxd5 Nxd5 4. e4 Nf6 5. Nc3 Nc6 6. d4 Bg4 7. d5 Ne5 ({RR
} 7... Bxf3 8. gxf3 Nb8 9. e5 Nfd7 10. f4 Nb6 11. Be3 c6 12. Bg2 cxd5 13. Nxd5
Nxd5 14. Qxd5 Qxd5 15. Bxd5 Nc6 16. Rc1 e6 17. Rxc6 Kd7 18. Rc3 exd5 19. Ke2
Be7 20. Rd1 Rhc8 21. Rxd5+ Ke6 22. Rdd3 {Cyborowski,L (2555)-Dudzinski,P (2300)
Trzcianka 2012 1-0 (35)}) 8. Nxe5 Bxd1 9. Bb5+ Nd7 $146 ({RR} 9... c6 10. dxc6
Bg4 11. Nxg4 bxc6 12. Bxc6+ Nd7 13. Ne5 Qb6 14. Nd5 Qc5 15. Be3 Qd6 16. Bxd7+
Kd8 17. Nxf7+ Kxd7 18. Nxd6 exd6 19. Rc1 Rc8 20. Rxc8 Kxc8 21. Ke2 g6 22. Rc1+
Kb8 23. Rc7 Bg7 24. Bxa7+ {Leontiev,A (2310)-Martynyuk,E (2032) St Petersburg
2013 1-0}) ({RR} 9... c6 10. dxc6 a6 11. c7+ axb5 12. cxd8=Q+ Rxd8 13. Nxd1
Nxe4 14. Nc3 Nd6 15. a4 f6 16. Nf3 b4 17. Nd5 b3 18. O-O e6 19. Re1 Kf7 20. Nb6
Nf5 21. Bd2 Bc5 22. a5 Rd6 23. Nc4 Rd7 24. Bc3 {Strikovic,A (2470)-Rodriguez
Perez,A (2214) El Sauzal 2004 1-0 (35)}) 10. Bxd7+ Qxd7 11. Nxd7 Kxd7 12. Kxd1
Rd8 13. Be3 a6 14. Ke2 e6 15. Rac1 Bd6 16. Rhd1 e5 17. g3 f6 18. f4 Rhe8 19.
Kf3 h5 20. a4 g6 21. a5 Rf8 22. Na4 Rf7 23. f5 g5 24. Bc5 g4+ 25. Ke2 Ke8 26.
Rc3 Kf8 27. Bxd6+ cxd6 28. Nb6 Re8 29. Rdc1 Ree7 30. Kd3 Kg7 31. Rc8 Kh6 32.
R1c3 Kg5 33. Rg8+ Kh6 34. Rd8 Kg5 35. Rxd6 h4 36. Rc8 hxg3 37. hxg3 Kh6 38.
Rdd8 Kg5 39. d6 Rh7 40. dxe7 Rxe7 1-0

[Event "Floripa Chess Open 2024"]
[Site "Florianopolis"]
[Date "2024.01.22"]
[Round "4.143"]
[White "Koinski, Carlos Cesar"]
[Black "De Resende, Sidnei"]
[Result "0-1"]
[WhiteElo "1371"]
[BlackElo "1666"]
[PlyCount "133"]
[EventDate "2024.01.20"]
[EventRounds "10"]
[EventCountry "BRA"]

1. c4 e5 2. Nf3 Nc6 3. d3 Nf6 4. Nc3 g6 5. a3 ({RR} 5. Bg5 Bg7 6. e3 h6 7. Bh4
d6 8. Be2 Ne7 9. d4 Nf5 10. Bg3 Nxg3 11. hxg3 Qe7 12. Qa4+ c6 13. d5 Bd7 14.
dxc6 bxc6 15. Rd1 O-O 16. Qa3 e4 17. Nd4 Qe5 18. Nb3 d5 19. Qa5 Rfc8 {Topalov,
V (2736)-Ponomariov,R (2648) Salamanca ESP 2019 1/2-1/2 (39)}) ({RR} 5. e4 Bg7
6. Be2 O-O 7. Nd5 d6 8. Bg5 Be6 9. O-O a5 10. a3 Nb8 11. b4 axb4 12. axb4 Rxa1
13. Qxa1 c6 14. Nxf6+ Bxf6 15. Bxf6 Qxf6 16. Qa7 Qe7 17. Rb1 Na6 18. b5 cxb5
19. Rxb5 Nc5 {Bazilius,A (2073)-Flis,P (1879) chess.com INT 2023 1-0 (52)})
5... Bg7 6. e4 $146 ({RR} 6. e3 O-O 7. Be2 d6 8. Qc2 h6 9. O-O Be6 10. b4 a6
11. Bb2 Qd7 12. Rfd1 Rfe8 13. Rac1 {1/2-1/2 (13) Kempinski,R (2613)-Berg,E  
(2592) Warsaw 2008}) ({RR} 6. Bg5 d6 7. e4 Nd4 8. Nxd4 exd4 9. Ne2 c6 10. b4 b6
11. Ng3 Qc7 12. Be2 O-O 13. O-O Re8 14. f4 h6 15. Bxf6 Bxf6 16. Bf3 Rb8 17. Qd2
b5 18. Rab1 bxc4 19. dxc4 Be7 20. b5 Rb6 {Assmann,H (2003)-Balcerczak,E
Przelazy 2004 1-0 (41)}) 6... O-O 7. Be3 d6 8. h3 Ne7 9. Qd2 Re8 10. Bh6 Bh8
11. Be2 c6 12. Rd1 Qc7 13. Qc2 Bd7 14. Rc1 Rac8 15. O-O d5 16. cxd5 cxd5 17.
Qd2 Qd6 18. Rfd1 d4 19. Na2 Nc6 20. Bg5 a5 21. Ra1 Rc7 22. Nh2 Rec8 23. Rdc1 b6
24. f4 Ne8 25. Ng4 f6 26. fxe5 Nxe5 27. Bf4 Be6 28. Rxc7 Rxc7 29. Nc1 a4 30.
Nh6+ Kf8 31. Ng4 Qc5 32. Qb4 Qxb4 33. axb4 b5 34. Nxe5 fxe5 35. Bh6+ Bg7 36.
Bg5 Rc2 37. Rb1 Nf6 38. Bd1 Rc8 39. g4 h5 40. Bxf6 Bxf6 41. gxh5 Bg5 42. Ne2
gxh5 43. Kg2 h4 44. Ng1 Rc1 45. Rxc1 Bxc1 46. Nf3 Bxb2 47. Bc2 a3 48. Bb1 a2
49. Bxa2 Bxa2 50. Nxe5 Bb1 51. Kf3 Bc3 52. Ke2 Bxb4 53. Kd1 Bc5 54. Kc1 Ba2 55.
Nd7+ Ke7 56. Nxc5 b4 57. Kb2 Bf7 58. e5 Bd5 59. e6 Bxe6 60. Ne4 Bxh3 61. Ng5
Bg2 62. Kb3 h3 63. Nxh3 Bxh3 64. Kc2 Bf1 65. Kb1 Bxd3+ 66. Kc1 Be2 67. Kb1 0-1

[Event "Floripa Chess Open 2024"]
[Site "Florianopolis"]
[Date "2024.01.22"]
[Round "4.144"]
[White "Hessmann, Eduardo Franzoni"]
[Black "Martins, Joao Fernandes"]
[Result "1-0"]
[WhiteElo "1665"]
[BlackElo "1426"]
[PlyCount "50"]
[EventDate "2024.01.20"]
[EventRounds "10"]
[EventCountry "BRA"]

1. e4 c6 2. d4 d5 3. e5 Bf5 4. Nf3 e6 5. Be2 c5 6. O-O Nc6 7. Be3 cxd4 8. Nxd4
Bg6 ({RR} 8... Nxd4 9. Bxd4 Ne7 10. c4 dxc4 11. Bxc4 Nc6 12. Bb5 Be7 13. Nc3
O-O 14. Bxc6 bxc6 15. Qa4 c5 16. Be3 Qb8 17. Qd7 Re8 18. Nd5 Bf8 19. Rad1 exd5
20. Qxf5 d4 21. Bc1 Qxe5 22. Qxe5 Rxe5 23. Rfe1 {Naiditsch,A (2697)-Anand,V  
(2788) Mainz 2009 0-1 (52)}) 9. c4 Nge7 10. cxd5 $146 ({RR} 10. Qa4 a6 11. Nc3
Rc8 12. Rfd1 Qa5 13. Qb3 Nxe5 14. cxd5 Nxd5 15. Qxb7 Rxc3 16. bxc3 Nxc3 17.
Rdc1 Nxe2+ 18. Nxe2 Nd7 19. Rc8+ Ke7 20. Rc7 Qb5 21. Qxb5 axb5 22. Rd1 {
1-0 (22) Hammel,R (2120)-Roesch,C (1550) Rostock 2003}) ({RR} 10. Nc3 dxc4 11.
Ndb5 Nf5 12. Bf4 a6 13. Nd6+ Bxd6 14. exd6 e5 15. Bg3 Nxd6 16. Qd5 O-O 17. Rad1
Nf5 18. Qxc4 Qe7 19. Nd5 Qe6 20. Bg4 Rac8 21. Qa4 Ncd4 22. Nc3 b5 23. Qa5 f6
24. f4 Qc6 {Zierk,S (2488)-Fiorito,J (2376) chess.com INT 2023 1-0 (55)}) ({RR
} 10. Nb5 Nf5 11. cxd5 Nxe3 12. fxe3 Bxb1 13. dxc6 Be4 14. Qxd8+ Kxd8 15. Rad1+
Kc8 16. Rd7 Bc5 17. cxb7+ Bxb7 18. Rc7+ {1-0 (18) Migliorini,M (1996)-Kimbin,R
(1951) Bergamo 2012}) 10... Nxd5 11. Nxc6 bxc6 12. Qa4 Qc7 13. Nc3 Be7 14. Nxd5
exd5 15. Rac1 O-O 16. Rxc6 Qxe5 17. Qd4 Bd6 18. g3 Rfe8 19. Bf3 Qxd4 20. Bxd4
Be5 21. Rd1 Bxd4 22. Rxd4 Be4 23. Bxe4 dxe4 24. Rc7 e3 25. fxe3 Rxe3 1-0

[Event "Floripa Chess Open 2024"]
[Site "Florianopolis"]
[Date "2024.01.22"]
[Round "4.147"]
[White "De Souza, Samuel B Ornelas"]
[Black "Vaz, Pedro Henrique Lins"]
[Result "1-0"]
[WhiteElo "1639"]
[BlackElo "1359"]
[PlyCount "67"]
[EventDate "2024.01.20"]
[EventRounds "10"]
[EventCountry "BRA"]

1. d4 d5 2. c4 Nc6 3. Nc3 Nf6 4. Nf3 g6 5. cxd5 Nxd5 6. e4 Nxc3 7. bxc3 Bg7 8.
Rb1 $146 ({RR} 8. Be2 O-O 9. O-O Bg4 10. h3 Bxf3 11. Bxf3 e6 12. Rb1 Rb8 13.
Ba3 Ne7 14. Qa4 Re8 15. Qxa7 Ra8 16. Qc5 b6 17. Qb4 Nc6 18. Qb2 e5 19. d5 Na5
20. Be2 Bf8 21. Bb4 Bc5 22. Bb5 Rf8 {Teixeira,R (2320)-Toth,P (2215) Rio de
Janeiro 1997 1-0}) ({RR} 8. Bb5 Bd7 9. O-O O-O 10. Bg5 h6 11. Be3 Kh7 12. Qd2
a6 13. Be2 Bg4 14. Rab1 b6 15. h3 Bc8 16. d5 Na5 17. Bd4 Bb7 18. Qe3 Bxd4 19.
Nxd4 Qd6 20. Rfd1 Qc5 21. Qc1 Rad8 22. h4 e5 {Garcia Garcia,J (1960)-Alvarez
Fernandez,J (1708) Oviedo 2008 1-0 (31)}) 8... a6 9. Be2 O-O 10. O-O b6 11. h4
h5 12. Bg5 Qd7 13. Qc1 Kh7 14. Bf4 e6 15. Ng5+ Kg8 16. e5 Bb7 17. Bf3 f6 18.
exf6 Rxf6 19. Ne4 Rf7 20. Bh6 Raf8 21. Bxg7 Kxg7 22. Qg5 Rf5 23. Qe3 Ne7 24.
Ng5 Bc8 25. Rfe1 R8f6 26. Rb2 Rf4 27. g3 Rxf3 28. Nxf3 Nd5 29. Qd3 Qc6 30. c4
Ne7 31. Ng5 Rf5 32. Rbe2 Bb7 33. Nxe6+ Kg8 34. d5 1-0

[Event "Floripa Chess Open 2024"]
[Site "Florianopolis"]
[Date "2024.01.22"]
[Round "4.148"]
[White "Monteiro, Melissa"]
[Black "Vaz, Osvaldo Jose"]
[Result "0-1"]
[WhiteElo "1340"]
[BlackElo "1627"]
[PlyCount "64"]
[EventDate "2024.01.20"]
[EventRounds "10"]
[EventCountry "BRA"]

1. e4 e6 2. d4 d5 3. Nc3 Nf6 4. e5 Nfd7 5. Nf3 c5 6. Be3 Nc6 7. Bb5 cxd4 8.
Bxd4 Nxd4 9. Qxd4 a6 10. Bxd7+ Bxd7 11. O-O Rc8 12. Rac1 ({RR} 12. Rad1 Rc4 13.
Qd3 Qc8 14. Nd2 Rc7 15. Qg3 g6 16. Nb3 Be7 17. f4 O-O 18. f5 Bb4 19. f6 Rxc3
20. bxc3 Qxc3 21. Rd3 Qxc2 22. Qh4 Rc8 23. Rh3 h5 24. Qxb4 Qe2 25. Qf4 Bb5 26.
Rc1 Rxc1+ {Gutkin,I (2271)-Goncharov,V (2077) chess.com INT 2023 0-1 (36)})
12... Be7 $146 ({RR} 12... Bc5 13. Qd1 Qb6 14. Rb1 O-O 15. Ne2 Bb5 16. c3 Rfd8
17. a4 Bxe2 18. Qxe2 d4 19. a5 Qb3 20. Qd1 Qb5 21. b4 dxc3 22. Qb3 Qxb4 23.
Qxb4 Bxb4 24. Rfc1 c2 25. Ra1 Ba3 26. Rxa3 Rd1+ {0-1 (26) Zima,T-Lesak,O
Teplice 2007}) ({RR} 12... Bc5 13. Qd2 O-O 14. a3 b5 15. Ne2 f6 16. Ned4 Qc7
17. Rfe1 Rce8 18. c3 fxe5 19. Nxe5 Bd6 20. Nxd7 Qxd7 21. Qd3 Kh8 22. Nf3 Bf4
23. Rcd1 Qc7 24. g3 Bd6 25. Ng5 Rf5 26. Rxe6 Ref8 27. Nh3 {Gmeinwieser,H (1669)
-Reif,G (1444) Germany 2003 1-0 (40)}) 13. Rfe1 O-O 14. Ne2 f6 15. Nf4 Rc4 16.
Qd2 fxe5 17. Nh3 e4 18. b3 Rc8 19. Ne5 Be8 20. c4 Qb6 21. Qc2 Qd4 22. Qc3 Qxc3
23. Rxc3 Bb4 24. Rec1 Bxc3 25. Rxc3 d4 26. Rc1 Rc5 27. Ng4 h5 28. Ne3 dxe3 29.
fxe3 b5 30. Nf2 Bc6 31. Kf1 bxc4 32. bxc4 Rxc4 0-1

[Event "Floripa Chess Open 2024"]
[Site "Florianopolis"]
[Date "2024.01.22"]
[Round "4.149"]
[White "Kerr, Carter"]
[Black "Biondo, Luiz Antonio Bortol"]
[Result "1-0"]
[WhiteElo "1624"]
[BlackElo "1340"]
[PlyCount "29"]
[EventDate "2024.01.20"]
[EventRounds "10"]
[EventCountry "BRA"]

1. e4 c5 2. Nf3 e6 3. d4 cxd4 4. Nxd4 Nc6 5. Nc3 d5 6. Bb5 Qd7 ({RR} 6... Nge7
7. exd5 exd5 8. O-O a6 9. Ba4 b5 10. Nxc6 Nxc6 11. Bb3 d4 12. Qf3 Qd7 13. Bxf7+
Kd8 14. Bg5+ Kc7 15. Nd5+ Kb7 16. Rfe1 Qf5 17. Qg3 Qd7 18. Be6 Qd6 19. Bf4 Qd8
20. Bc7 Qe8 21. Ba5 {Liu,Y (1482)-Zhang,Y Nanjing CHN 2023 1-0}) 7. exd5 exd5
8. O-O Nf6 9. Bg5 $146 ({RR} 9. Re1+ Be7 10. Bg5 O-O 11. Nxc6 bxc6 12. Bxc6
Qxc6 13. Rxe7 Be6 14. Bxf6 gxf6 15. Qd4 Kg7 16. Rxa7 Rab8 17. Rb1 Bf5 18. b3
Bxc2 19. Rc1 Bg6 20. Qxd5 Qxd5 21. Nxd5 Ra8 22. Rxa8 Rxa8 23. a4 Rb8 {Khatniuk,
A (1668)-Stetsiuk,A (1282) Kyiv UKR 2021 1-0 (32)}) 9... Be7 10. Bxf6 Bxf6 11.
Re1+ Be7 12. Nxc6 bxc6 13. Nxd5 Kf8 14. Rxe7 Qxd5 15. Qxd5 1-0

[Event "Floripa Chess Open 2024"]
[Site "Florianopolis"]
[Date "2024.01.22"]
[Round "4.151"]
[White "Ferreira De Souza, Ricardo"]
[Black "Pereira, Armando Scharlau"]
[Result "0-1"]
[WhiteElo "1329"]
[BlackElo "1618"]
[PlyCount "78"]
[EventDate "2024.01.20"]
[EventRounds "10"]
[EventCountry "BRA"]

1. e4 e6 2. d4 d5 3. e5 c5 4. c3 Qb6 5. Nf3 Nc6 6. Qb3 Qc7 7. Be3 ({RR} 7. Na3
a6 8. Be3 Nh6 9. Bxh6 gxh6 10. Rc1 Qa5 11. Be2 cxd4 12. O-O dxc3 13. Rxc3 Bg7
14. Qc2 Bd7 15. b4 Qd8 16. Re1 Rc8 17. b5 Nxe5 18. Rxc8 Qxc8 19. bxa6 bxa6 20.
Qd2 Nxf3+ 21. Bxf3 Bc3 {De Paoli,E (1851)-Vallejo Pons,F (2697) Condino 2012
0-1}) ({RR} 7. Bb5 Nge7 8. Nh4 Ng6 9. Nxg6 fxg6 10. Qa4 Be7 11. Bxc6+ Qxc6 12.
Qxc6+ bxc6 13. Be3 cxd4 14. cxd4 Ba6 15. Nc3 O-O 16. a3 Rab8 17. Bc1 c5 18.
dxc5 Bxc5 19. b4 Bxf2+ 20. Kd1 Bd4 21. Bd2 Bxe5 {Ciomaga,A-Averkiev,A (1391)
Mamaia 2017 1-0 (43)}) 7... c4 8. Qc2 Bd7 $146 ({RR} 8... b5 9. a3 a5 10. g3
Nge7 11. Bg2 Nf5 12. Bf4 Bb7 13. O-O b4 14. a4 Nfe7 15. Nbd2 Ng6 16. Be3 Be7
17. h4 Nf8 18. Bf4 Ng6 19. Be3 O-O 20. Bg5 Rfe8 21. Bxe7 Qxe7 22. Ng5 Nf8 23.
Qxh7+ {De Lima,C (1733)-Melo,S (1901) Joao Pessoa 2013 0-1}) ({RR} 8... Be7 9.
Nbd2 f6 10. Bf4 g5 11. Bg3 f5 12. h4 g4 13. Ng5 h6 14. Nh3 gxh3 15. Rxh3 {
0-1 (15) De Oliveira,M (1800)-Dos Anjos,A (1964) Natal 2015}) 9. Nbd2 h6 10.
Be2 Be7 11. O-O g5 12. Rac1 Rc8 13. b3 cxb3 14. axb3 h5 15. Bxg5 Bxg5 16. Nxg5
Nxd4 17. Qd1 Nxe2+ 18. Qxe2 Ne7 19. c4 Nf5 20. cxd5 Qxc1 21. Rxc1 Rxc1+ 22. Nf1
Nd4 23. Qa2 Bb5 24. h4 Rxf1+ 25. Kh2 Nf5 26. dxe6 fxe6 27. Nxe6 Bc6 28. Qd2 Bd7
29. Nc7+ Kd8 30. e6 Rh7 31. Qg5+ Ne7 32. exd7 Kxc7 33. Qc5+ Kd8 34. Qb5 Rd1 35.
Qxb7 Rxd7 36. Qa8+ Nc8 37. Qe4 Nd6 38. Qa8+ Nc8 39. f3 Rb7 0-1

[Event "Floripa Chess Open 2024"]
[Site "Florianopolis"]
[Date "2024.01.22"]
[Round "4.153"]
[White "Blaszkosky, Vinicius"]
[Black "De Oliveira, Matheus Tavares"]
[Result "1-0"]
[WhiteElo "1314"]
[BlackElo "1612"]
[PlyCount "93"]
[EventDate "2024.01.20"]
[EventRounds "10"]
[EventCountry "BRA"]

1. d4 Nf6 2. c4 g6 3. Nc3 Bg7 4. e4 d6 5. f3 O-O 6. Be3 e5 7. d5 a5 8. Qd2 ({RR
} 8. Nge2 Nh5 9. Qd2 f5 10. O-O-O Na6 11. Kb1 b6 12. h3 f4 13. Bf2 Nc5 14. Nc1
Bd7 15. Nd3 Ng3 16. Rg1 a4 17. Nxc5 bxc5 18. Bd3 Qb8 19. Ka1 Qb7 20. Rb1 Rfb8
21. Rgc1 Nh5 22. Bc2 Nf6 {Echavarria,J (2379)-Bachmann,A (2562) ICC INT 2009
0-1 (44)}) 8... a4 9. O-O-O Na6 10. g4 $146 ({RR} 10. Nxa4 Nd7 11. Kb1 f5 12.
Nc3 Nac5 13. h4 Nf6 14. Bg5 Qe8 15. Bd3 Nh5 16. Be3 Ng3 17. Rh2 fxe4 18. fxe4
Bg4 19. Nge2 Bxe2 20. Bxe2 Ncxe4 21. Nxe4 Nxe4 22. Qc2 Ng3 23. Bg4 Nf5 24. Bf2
e4 {Avazkhonov,A (1538)-Bacrot,E (2653) chess.com INT 2023 0-1 (31)}) 10... a3
11. b3 Nd7 12. h4 f6 13. Nge2 Ndc5 14. Ng3 Qe7 15. Bh3 Rd8 16. h5 g5 17. Nf5
Bxf5 18. gxf5 h6 19. Rdg1 Nb4 20. Kb1 Nbd3 21. Bf1 Nf4 22. Rh2 c6 23. b4 Na4
24. Ne2 cxd5 25. cxd5 Rdc8 26. Nxf4 exf4 27. Bd4 Qd7 28. Rhh1 b5 29. Bd3 Qb7
30. Rc1 Nb6 31. Bxb5 Nxd5 32. Bc4 Rxc4 33. Rxc4 Ne3 34. Bxe3 fxe3 35. Qxe3 d5
36. exd5 Qxd5 37. Qe6+ Qxe6 38. fxe6 Kf8 39. Kc2 Ra7 40. b5 Rb7 41. Rc5 Ke7 42.
Re1 Bf8 43. Rc6 Ke8 44. b6 Be7 45. Rc8+ Bd8 46. e7 Rxe7 47. Rxe7+ 1-0

[Event "Floripa Chess Open 2024"]
[Site "Florianopolis"]
[Date "2024.01.22"]
[Round "4.155"]
[White "Tischler Lema Garcia, Maria Eduarda"]
[Black "Franzen, Mark Scheer"]
[Result "1-0"]
[WhiteElo "1299"]
[BlackElo "1596"]
[PlyCount "78"]
[EventDate "2024.01.20"]
[EventRounds "10"]
[EventCountry "BRA"]

1. d4 d5 2. c4 Nc6 3. cxd5 Qxd5 4. e3 e5 5. Nc3 Bb4 6. Bd2 Bxc3 7. bxc3 Nf6 8.
c4 Qd6 9. d5 Ne7 10. Nf3 O-O 11. Be2 c6 12. dxc6 Nxc6 13. Bc3 Qc5 14. O-O Be6
$146 ({RR} 14... Ne4 15. Bb2 Be6 16. Qa4 Rfc8 17. Rfc1 f6 18. Bd3 f5 19. Ba3
Qb6 20. Bxe4 fxe4 21. Ng5 Bf5 22. c5 Qc7 23. Qc4+ Kf8 24. Nxe4 Bxe4 25. Qxe4
Kg8 26. Rd1 Re8 27. Rd6 Re7 28. Rad1 Kh8 29. Bb4 {Khanukov,B (2330)-Bakhmatov,
E (2311) Saint Vincent 2003 1-0 (37)}) 15. Rc1 Ne4 16. Bb2 f6 17. Qd3 Nd6 18.
Qc3 Na5 19. Ba3 Ne4 20. Bxc5 Nxc3 21. Rxc3 Rfc8 22. Bb4 Nxc4 23. Bxc4 Rxc4 24.
Rxc4 Bxc4 25. Ra1 a5 26. Bc3 b5 27. a3 Kf7 28. Rb1 a4 29. Nd2 Bd3 30. Rb4 Rc8
31. Bb2 Rc2 32. Nf3 Bc4 33. g3 Bb3 34. Bxe5 Bd5 35. e4 Bxe4 36. Rxe4 fxe5 37.
Rxe5 b4 38. axb4 a3 39. Ra5 a2 1-0

[Event "Floripa Chess Open 2024"]
[Site "Florianopolis"]
[Date "2024.01.22"]
[Round "4.156"]
[White "Lahoz, Cassiano"]
[Black "Damasio, Fabio Ferreira"]
[Result "1-0"]
[WhiteElo "1592"]
[BlackElo "1296"]
[PlyCount "50"]
[EventDate "2024.01.20"]
[EventRounds "10"]
[EventCountry "BRA"]

1. e4 c5 2. Nc3 Nc6 3. g3 e6 4. Bg2 g6 5. d3 Bg7 6. Nf3 Nge7 7. O-O O-O 8. Be3
b6 9. Rb1 ({RR} 9. Qd2 e5 10. Bh6 d6 11. h4 Bxh6 12. Qxh6 f6 13. Nh2 Be6 14.
Qd2 d5 15. exd5 Nxd5 16. h5 Nce7 {1/2-1/2 (16) Rathnakaran,K (2408)-Ramesh,R  
(2491) Hyderabad 2006}) ({RR} 9. d4 cxd4 10. Nxd4 Bb7 11. Ndb5 Nc8 12. Bf4 e5
13. Be3 d6 14. Nd5 a6 15. Nbc7 Rb8 16. c3 Ba8 17. Nxa6 Rb7 18. Nab4 Rd7 19. Bh3
f5 20. Qb3 Kh8 21. Rad1 Nxb4 22. Qxb4 f4 23. Bxd7 Qxd7 {Khodjimatov,S (2109)
-Tharushi,T (1521) chess.com INT 2023 1-0 (37)}) 9... a6 $146 ({RR} 9... Ba6
10. Re1 Rc8 11. Ne2 c4 12. d4 d5 13. e5 Nf5 14. Bf4 b5 15. c3 b4 16. Qd2 Rb8
17. g4 Nfe7 18. Bh6 Qa5 19. h4 Rb6 20. h5 Rfb8 21. Bxg7 Kxg7 22. h6+ Kg8 23.
Ng5 Qxa2 24. Qc1 {Stojkovic,D-Bjelanovic,N Belgrade 2010 1/2-1/2 (44)}) ({RR} 
9... d5 10. Bd2 Ba6 11. Re1 b5 12. exd5 Nxd5 13. Ne4 Qb6 14. Qc1 Rfd8 15. Bh6
Bh8 16. c4 Nde7 17. Bg5 f5 18. Nf6+ Kf7 19. Nxh7 Rac8 20. Bxe7 Nxe7 21. Nfg5+
Ke8 22. Rxe6 Rd6 23. Bd5 Rxe6 24. Bxe6 {Kubistova,V-Rerabkova,L (2020) Karlovy
Vary 2004 1-0}) 10. Qd2 f5 11. Bh6 fxe4 12. dxe4 Bb7 13. Bxg7 Kxg7 14. Rbd1 Bc8
15. e5 Ra7 16. Ne4 Nf5 17. c3 Rf7 18. Nfg5 Re7 19. f4 h6 20. Nf3 Qh8 21. g4 Rf7
22. gxf5 Rxf5 23. Nd6 Rf8 24. Nh4 Ne7 25. Nf3 a5 1-0

[Event "Floripa Chess Open 2024"]
[Site "Florianopolis"]
[Date "2024.01.22"]
[Round "4.157"]
[White "Orlandi Neto, Aristides"]
[Black "De Souza, Felipe De Deus"]
[Result "0-1"]
[WhiteElo "1592"]
[BlackElo "1276"]
[PlyCount "31"]
[EventDate "2024.01.20"]
[EventRounds "10"]
[EventCountry "BRA"]

1. e4 c5 2. d3 g6 3. Nd2 Nc6 4. Ngf3 d6 5. g3 Nf6 6. Bg2 e5 7. O-O Bg7 8. Re1
O-O 9. Nf1 b5 10. Be3 $146 ({RR} 10. Bg5 Be6 11. Qc1 Nd4 12. Nxd4 cxd4 13. a4
b4 14. Bh6 Qc7 15. Bxg7 Kxg7 16. Qd2 a5 17. Rec1 Ra6 18. f4 h6 19. h3 Rc6 20.
g4 Bd7 21. Bf3 Rc8 22. Bd1 Rc5 23. b3 Nh7 24. Ng3 f6 {Koellmer,H (1604)
-Memmeler,B (1427) Wiesbaden 2011 1/2-1/2}) ({RR} 10. Bd2 a5 11. Qc1 a4 12. Bh6
Nd4 13. c3 Ne6 14. h4 Ng4 15. Bxg7 Kxg7 16. Bh3 f5 17. Bxg4 fxg4 18. N3h2 h5
19. Ne3 Qf6 20. Qd2 Bb7 21. Rf1 Bc6 22. f3 gxf3 23. Rxf3 Qe7 24. Raf1 Rxf3 {
Arshiya Das (1667)-Darmanto,H (1562) chess.com INT 2024 0-1 (39)}) ({RR} 10.
Ne3 Rb8 11. Nd5 Nxd5 12. exd5 Ne7 13. c4 Bg4 14. h3 Bxf3 15. Qxf3 Nf5 16. Qd1
Qa5 17. Bd2 Qa6 18. Qc1 Nd4 19. b3 f5 20. Bc3 Rbc8 21. Bxd4 cxd4 22. Qd2 Qa3
23. Rac1 b4 24. Rc2 Rc5 {Cardenas,A-Sanchez,V (2210) Cali 2008 0-1 (48)}) 10...
Ng4 11. Bg5 f6 12. Bd2 Be6 13. h3 Nh6 14. Qc1 Nf7 15. Be3 Qd7 16. c3 0-1